Loading...
| History - Other History | 0 | 6 | 0 | 0 | 60 | 81 | 107.33 | 0 | 6 |
| History - American History | 0 | 6 | 1 | 2 | 55 | 82 | 101.83 | 0 | 6 |
| Other - Pop Culture | 2 | 1 | 0 | 0 | 40 | 56 | 83.67 | 2 | 3 |
| Arts - Painting | 0 | 4 | 2 | 1 | 30 | 85 | 106.25 | 0 | 4 |
| History - World History | 0 | 3 | 0 | 0 | 30 | 98 | 108.33 | 0 | 3 |
| Thought - Social Science | 1 | 1 | 0 | 0 | 25 | 32 | 62.00 | 1 | 2 |
| Arts - Music | 1 | 1 | 0 | 0 | 25 | 64 | 81.00 | 1 | 2 |
| Beliefs - Mythology | 0 | 2 | 0 | 1 | 20 | 120 | 128.50 | 0 | 2 |
| Literature - Euro Lit | 0 | 2 | 0 | 0 | 20 | 90 | 92.00 | 0 | 2 |
| Other - Geo/CE | 1 | 1 | 1 | 1 | 20 | 44 | 77.50 | 1 | 2 |
| Arts - Other Arts | 0 | 1 | 0 | 0 | 10 | 87 | 87.00 | 0 | 1 |
| History - Euro History | 0 | 1 | 0 | 0 | 10 | 86 | 86.00 | 0 | 1 |
| Literature - American Lit | 0 | 1 | 0 | 0 | 10 | 111 | 111.00 | 0 | 1 |
| Literature - British Lit | 0 | 1 | 0 | 0 | 10 | 151 | 151.00 | 0 | 1 |
| Other - Other Academic | 0 | 0 | 1 | 0 | -5 | 0.00 | 0 | 0 |